Soukromé podnikání občanů ČSFR
Enregistré dans:
| Auteur principal: | |
|---|---|
| Autres auteurs: | |
| Format: | Livre |
| Langue: | tchèque |
| Publié: |
Praha
ARCH
1991
|
| Édition: | 1. vyd. |
| Collection: | Trh, právo a společnost
|
| Tags: |
Pas de tags, Soyez le premier à ajouter un tag!
|
MARC
| LEADER | 00000nam a2200000 4500 | ||
|---|---|---|---|
| 001 | c037021 | ||
| 005 | 20221214094848.5 | ||
| 041 | 0 | |a cze | |
| 044 | |a CZ | ||
| 245 | 1 | 0 | |a Soukromé podnikání občanů ČSFR |c Jiří Trávniček, Ivana Štenglová |
| 250 | |a 1. vyd. | ||
| 264 | 1 | |a Praha |b ARCH |c 1991 | |
| 300 | |a 34 s. | ||
| 490 | 1 | |a Trh, právo a společnost | |
| 830 | 0 | |a Trh, právo a společnost | |
| 100 | 1 | |a Trávniček, Jiří | |
| 700 | 1 | |a Štenglová, Ivana | |